000 00229 a2200097 4500
001 37344
100 _aRanganathan S R
245 _aCataloguing practice
260 _aBangalore
_bRanganathan Endowment
_c
090 _c23815
_d23815
942 _aNUST-CAE
_cM
_c15353
999 _c272417
_d272417